000 00675nam a22002177a 4500
003 UA-OsUOA
001 84067
007 ta
008 20120517b un ||||| |||| 00| 0 ukr d
100 _aСлав'юк Н.Р.
090 _a330(477)
_bС47
942 _cSA
040 _aUA-OsUOA
_bukr
_cUA-OsUOA
_dUA-OsUOA
245 _aОсобливості дефолтів за суверенними зобов'язаннями країн світу
300 _aС.170-176
955 _a0
041 _aukr
080 _a330(477)
773 0 _w84050
_tРегіональна економіка
_dЛьвів
_d2012
_g1
650 7 _a330 Економіка взагалі
_2UDC
999 _c370385
_d370385